| 000 | 00517nam a22001577a 4500 | ||
|---|---|---|---|
| 003 | SGT | ||
| 020 | _a9788120330962 | ||
| 082 | _a658.18,CHE | ||
| 100 | _aFRANCIS, CHERUNILAM | ||
| 245 | _aINTERNATIONAL BUSINESS TEXT AND CASES | ||
| 260 |
_aNEW DELHI _bPHI LEARNING PRIVATE LIMITED _c2007 |
||
| 300 | _a848 | ||
| 650 | _aORGANIZATION OF INTERNATIONAL ENTERPRISES | ||
| 653 | _aINTRODUCTION TO INTERNATIONAL BUSINESS, INTERNATIONAL OPERATIONS MANAGEMENT INTERNATIONAL BUSINESS ENVIRONMENT | ||
| 942 |
_2ddc _cFCM |
||
| 999 |
_c9430 _d9430 |
||